Statistics for Smallest Neighbouring Countries

Click here to take the quiz!

General Stats

  • This quiz has been taken 69 times
    (66 since last reset)
  • The average score is 26 of 28

Answer Stats

Country ...and it's smallest neighbour % Correct
ItalyVatican City
100%
United StatesMexico
100%
SpainAndorra
100%
South AfricaSwaziland
98%
LuxembourgBelgium
98%
ChileBolivia
98%
North KoreaSouth Korea
98%
CambodiaLaos
98%
NepalIndia
96%
NorwayFinland
96%
AlgeriaTunisia
96%
ColombiaPanama
96%
LithuaniaLatvia
94%
EthiopiaDjibouti
94%
MongoliaChina
94%
ArgentinaUruguay
94%
NigeriaBenin
94%
SyriaLebanon
92%
Czech RepublicSlovakia
92%
PeruEcuador
92%
AustriaLiechtenstein
90%
MexicoBelize
90%
KenyaUganda
88%
HondurasEl Salvador
88%
IndonesiaEast Timor
88%
EgyptIsrael
86%
GhanaTogo
84%
RussiaEstonia
82%

Score Distribution

Percentile by Number Answered

Percent of People with Each Score

Your Score History

You have not taken this quiz since the last reset